000 02395nam a22001577a 4500
041 _aukr
080 _a09
090 _bНАЛ
100 _aНаливайко, А. Р.
245 _aВербальна та невербальна форми реалізації категорії згоди/незгоди в англомовному акті у контексті міжкультурної комунікації
260 _aОстрог
_bКАФ
_c2014
300 _a102
520 _aВступ. Розділ І. Соціально-психологічні аспекти вербального та невербального спілкування у контексті міжкультурної комунікації. 1.1. Вербальна комунікація. Поняття, основні ознаки та психологічні особливості 1.2. Невербальна комунікація. Характеристика, класифікація та компоненти невербальних засобів спілкування 1.3. Міжкультурна комунікація в умовах глобалізації. Порівняльний аналіз комунікативних жестів різних країн світу Розділ ІІ. Вербальна та невербальна форми реалізації категорій згоди та незгоди в англомовному комунікативному акті. 2.1. Вербальні форми реалізації категорії згоди/незгоди. Імпліцитні та експліцитні висловлювання у системі англомовних комунікативних актів 2.2. Реалізація невербальних засобів концепції згоди/незгоди в контексті англомовного комунікативного акту 2.3. Аналіз способів невнрбальної передачі концепції згоди/незгоди в англомовному комунікативному акті українцями та канадцями Висновки. Список використаних джерел. Додатки.
_0вербальне, невербальне, комунікація
650 _aResearch Papers
999 _c285390
_d285390
942 _cBK